The BioPesticide Manual (Record no. 6823)
[ view plain ]
| 000 -LEADER | |
|---|---|
| fixed length control field | 00627nam a22002297a 4500 |
| 003 - CONTROL NUMBER IDENTIFIER | |
| control field | OSt |
| 005 - DATE AND TIME OF LATEST TRANSACTION | |
| control field | 20210320124634.0 |
| 008 - FIXED-LENGTH DATA ELEMENTS--GENERAL INFORMATION | |
| fixed length control field | 210319b ||||| |||| 00| 0 eng d |
| 020 ## - INTERNATIONAL STANDARD BOOK NUMBER | |
| International Standard Book Number | 1901396290 |
| 040 ## - CATALOGING SOURCE | |
| Transcribing agency | DDC |
| 082 ## - DEWEY DECIMAL CLASSIFICATION NUMBER | |
| Classification number | 632 WOR 1998 |
| 100 ## - MAIN ENTRY--PERSONAL NAME | |
| Personal name | Editor Copping L.G. |
| 9 (RLIN) | 13979 |
| 245 ## - TITLE STATEMENT | |
| Title | The BioPesticide Manual |
| 250 ## - EDITION STATEMENT | |
| Edition statement | 1st ed. |
| 260 ## - PUBLICATION, DISTRIBUTION, ETC. (IMPRINT) | |
| Place of publication, distribution, etc. | UK; The British Crop Protection Council, 1998 |
| 300 ## - PHYSICAL DESCRIPTION | |
| Extent | xxxvii,333p;ill:23cm |
| 440 ## - SERIES STATEMENT/ADDED ENTRY--TITLE | |
| Title | A world Compedium |
| 9 (RLIN) | 13980 |
| 504 ## - BIBLIOGRAPHY, ETC. NOTE | |
| Bibliography, etc | References, glossary, & indices included |
| 650 ## - SUBJECT ADDED ENTRY--TOPICAL TERM | |
| Topical term or geographic name as entry element | Pesticide |
| 9 (RLIN) | 13981 |
| 650 ## - SUBJECT ADDED ENTRY--TOPICAL TERM | |
| Topical term or geographic name as entry element | Agriculture |
| 9 (RLIN) | 4591 |
| 942 ## - ADDED ENTRY ELEMENTS (KOHA) | |
| Source of classification or shelving scheme | Dewey Decimal Classification |
| Koha item type | Open Shelf |
| Withdrawn status | Lost status | Source of classification or shelving scheme | Damaged status | Not for loan | Home library | Current library | Date acquired | Source of acquisition | Inventory number | Total Checkouts | Full call number | Barcode | Date last seen | Koha item type |
|---|---|---|---|---|---|---|---|---|---|---|---|---|---|---|
| Dewey Decimal Classification | MUST Main Library | MUST Main Library | 19/03/2021 | Donation | 04/22110 | 632 WOR 1998 | 2021-0275 | 19/03/2021 | Open Shelf | |||||
| Dewey Decimal Classification | MUST Main Library | MUST Main Library | 19/03/2021 | Donation | 04/22112 | 632 WOR 1998 | 2021-0276 | 19/03/2021 | Open Shelf | |||||
| Dewey Decimal Classification | MUST Main Library | MUST Main Library | 19/03/2021 | Donation | 04/22113 | 632 WOR 1998 | 2021-0277 | 19/03/2021 | Open Shelf | |||||
| Dewey Decimal Classification | MUST Main Library | MUST Main Library | 19/03/2021 | Donation | 04/22114 | 632 WOR 1998 | 2021-0278 | 19/03/2021 | Open Shelf | |||||
| Dewey Decimal Classification | MUST Main Library | MUST Main Library | 22/03/2021 | Donation | 04/22111 | 632 WOR 1998 | 2021-0304 | 22/03/2021 | Open Shelf |
